Normal view
MARC view
- ENGLISH LITERATURE-CRITICAL ESSAYS
Entry Topical Term
001 - CONTROL NUMBER
- control field: 64849
003 - CONTROL NUMBER IDENTIFIER
- control field: NUST
005 - DATE AND TIME OF LATEST TRANSACTION
- control field: 20210628203336.0
008 - FIXED-LENGTH DATA ELEMENTS
- fixed length control field: 210628|| aca||aabn | a|a d
040 ## - CATALOGING SOURCE
- Original cataloging agency: NUST
- Transcribing agency: NUST
150 ## - HEADING--TOPICAL TERM
- Topical term or geographic name entry element: ENGLISH LITERATURE-CRITICAL ESSAYS
670 ## - SOURCE DATA FOUND
- Source citation: Work cat.: (NUST): Cox, C.B, Hinchliffe, Arnold P 64848, The waste land, t.s eliot, 1968
